[Event "SLO-chT 32nd"]
[Site "Ljubljana"]
[Date "2022.10.29"]
[Round "8.5"]
[White "Murko, David"]
[Black "Cigan, Stefan"]
[Result "0-1"]
[WhiteElo "2235"]
[BlackElo "2314"]
[PlyCount "44"]
[EventDate "2022.09.02"]
[EventType "team-tourn"]
[EventRounds "9"]
[EventCountry "SLO"]
[SourceTitle "EXT 2024"]
[Source "ChessBase"]
[SourceDate "2023.10.10"]
[SourceVersion "1"]
[SourceVersionDate "2023.10.10"]
[SourceQuality "1"]
[WhiteTeam "Ptuj"]
[BlackTeam "Murska Sobota Pomgrad"]
[WhiteTeamCountry "SLO"]
[BlackTeamCountry "SLO"]

1. e4 d5 2. exd5 Nf6 3. Nf3 Bg4 4. Bb5+ Nbd7 5. h3 Bxf3 6. Qxf3 a6 7. Ba4 b5 8. Bb3 Nb6 9. Nc3 Qd7 10. a4 Rd8 11. axb5 axb5 12. Ra5 Nbxd5 13. Nxb5 Qe6+ 14. Qe2 Qb6 15. Ba4 Nd7 16. b4 e6 17. Nc3 Nf4 18. Qe4 Qxb4 19. Ra7 Qxe4+ 20. Nxe4 f5 21. Nc3 Rc8 22. g3 Ng6 0-1

[Event "Stare Mesto op"]
[Site "Stare Mesto"]
[Date "2022.08.19"]
[Round "8"]
[White "Murko, David"]
[Black "Lojek, Marek"]
[Result "1-0"]
[WhiteElo "2213"]
[BlackElo "2133"]
[PlyCount "175"]
[EventDate "2022.08.12"]
[EventType "swiss"]
[EventRounds "9"]
[EventCountry "CZE"]
[SourceTitle "CBM 209 Extra"]
[Source "ChessBase"]
[SourceDate "2022.09.30"]
[SourceVersion "1"]
[SourceVersionDate "2022.09.30"]
[SourceQuality "1"]

1. e4 e5 2. Nf3 Nc6 3. Bb5 Nf6 4. d3 Bc5 5. Bxc6 dxc6 6. Nbd2 Be6 7. 0-0 Nd7 8. Nb3 Bb6 9. Ng5 Nf8 10. Qh5 Qd6 11. Be3 0-0-0 12. Nxf7 Bxf7 13. Qxf7 Ne6 14. Nd2 Rdf8 15. Qh5 g6 16. Qh3 Qe7 17. Nc4 Qf6 18. Bg5 Bxf2+ 19. Kh1 Qxg5 20. Qxe6+ Kb8 21. Nxe5 Re8 22. Qf6 Qxe5 23. Rxf2 Qb5 24. Raf1 a6 25. b3 Qb6 26. d4 Rhg8 27. Re2 Qb4 28. Rd1 Rgf8 29. Qg7 Rf4 30. h3 Rfxe4 31. Rxe4 Rxe4 32. Qxh7 Re1+ 33. Rxe1 Qxe1+ 34. Kh2 Qe8 35. Qg7 Qe4 36. Qh8+ Ka7 37. Qe5 Qh4 38. g3 Qh6 39. h4 Qd2+ 40. Kh3 Qd1 41. Qe4 Qf1+ 42. Kg4 Qd1+ 43. Kg5 Qh5+ 44. Kf4 Qh6+ 45. Kf3 g5 46. Ke2 gxh4 47. gxh4 Qh5+ 48. Ke3 Qd1 49. a4 Kb8 50. Kf4 Qd2+ 51. Kf5 Qf2+ 52. Kg6 Qg1+ 53. Kh7 Qf2 54. Kh6 Qf6+ 55. Kh5 Qh8+ 56. Kg4 Qg7+ 57. Kf3 Qf6+ 58. Ke2 Qh8 59. Qg4 b5 60. axb5 axb5 61. h5 Kb7 62. Kd3 Qf6 63. Qh3 Qh6 64. Qf5 Qc1 65. Qc5 Qd1+ 66. Kc3 Qa1+ 67. Kd2 Qh1 68. Qe5 Kb6 69. Qg5 Qe4 70. Qc5+ Kb7 71. Kc3 Qe1+ 72. Kb2 Qd2 73. Qc3 Qf4 74. Ka2 Qh4 75. Qc5 Qh2 76. Kb1 Qd2 77. Kb2 Qh6 78. d5 Qh8+ 79. Kb1 cxd5 80. Qxb5+ Ka7 81. Qxd5 Qf6 82. Qh1 Qh6 83. Qg1+ Kb7 84. Qg6 Qe3 85. Qf6 c5 86. h6 c4 87. h7 c3 88. Qg7+ 1-0

[Event "Stare Mesto op"]
[Site "Stare Mesto"]
[Date "2022.08.14"]
[Round "3"]
[White "Haba, Petr"]
[Black "Murko, David"]
[Result "1/2-1/2"]
[WhiteElo "2459"]
[BlackElo "2213"]
[PlyCount "89"]
[EventDate "2022.08.12"]
[EventType "swiss"]
[EventRounds "9"]
[EventCountry "CZE"]
[SourceTitle "CBM 209 Extra"]
[Source "ChessBase"]
[SourceDate "2022.09.30"]
[SourceVersion "1"]
[SourceVersionDate "2022.09.30"]
[SourceQuality "1"]

1. e4 c5 2. Nf3 d6 3. d4 cxd4 4. Nxd4 Nf6 5. Nc3 Nc6 6. Bg5 e6 7. Qd2 a6 8. 0-0-0 Bd7 9. Kb1 b5 10. Nxc6 Bxc6 11. f3 Be7 12. Be3 0-0 13. Ne2 Qc7 14. Nd4 Bb7 15. g4 Nd7 16. Bg2 Ne5 17. Qe2 d5 18. exd5 Bxd5 19. Nf5 Nc6 20. Nxe7+ Qxe7 21. f4 Nb4 22. Bxd5 Nxd5 23. Bd4 Rfe8 24. Qf3 Nxf4 25. Bxg7 Kxg7 26. Qxf4 Rad8 27. g5 e5 28. Qe3 Rd6 29. Rdf1 Red8 30. a3 Rd4 31. h4 Qc5 32. Qf3 Rf4 33. Qe2 Rdd4 34. h5 h6 35. Qg2 Qd5 36. Qg1 Rxf1+ 37. Qxf1 Rf4 38. Qg1 Rd4 39. gxh6+ Kxh6 40. Qe3+ Kh7 41. Qe1 Qe4 42. Qf1 Qf4 43. Qe1 Qe4 44. Qf1 Qf4 45. Qe1 1/2-1/2

[Event "EU-ch 22nd"]
[Site "Terme Catez"]
[Date "2022.04.01"]
[Round "6"]
[White "Vetoshko, Volodymyr"]
[Black "Murko, David"]
[Result "1-0"]
[WhiteElo "2507"]
[BlackElo "2273"]
[PlyCount "57"]
[EventDate "2022.03.27"]
[EventType "swiss"]
[EventRounds "11"]
[EventCountry "SLO"]
[SourceTitle "CBM 208"]
[Source "ChessBase"]
[SourceDate "2022.06.30"]
[SourceVersion "1"]
[SourceVersionDate "2022.06.30"]
[SourceQuality "1"]

1. d4 Nf6 2. c4 g6 3. Nc3 d5 4. cxd5 Nxd5 5. e4 Nxc3 6. bxc3 Bg7 7. Bb5+ c6 8. Ba4 0-0 9. Nf3 b5 10. Bb3 Bb7 11. 0-0 Nd7 12. Bg5 c5 13. Re1 Re8 14. a4 a6 15. Qe2 c4 16. Bc2 Nb6 17. Reb1 Qd7 18. Nd2 e6 19. Qe3 Qc6 20. Ra2 Bf8 21. Nf3 Nd7 22. h4 Qb6 23. Qe2 Bc6 24. Nh2 Qc7 25. Ng4 f5 26. axb5 Bxb5 27. Nh6+ Kg7 28. Qf3 Bd6 29. e5 1-0

[Event "EU-ch 22nd"]
[Site "Terme Catez"]
[Date "2022.03.29"]
[Round "3"]
[White "Kotsinis, Alexandros"]
[Black "Murko, David"]
[Result "0-1"]
[WhiteElo "2055"]
[BlackElo "2273"]
[PlyCount "92"]
[EventDate "2022.03.27"]
[EventType "swiss"]
[EventRounds "11"]
[EventCountry "SLO"]
[SourceTitle "CBM 208"]
[Source "ChessBase"]
[SourceDate "2022.06.30"]
[SourceVersion "1"]
[SourceVersionDate "2022.06.30"]
[SourceQuality "1"]

1. d4 Nf6 2. c4 g6 3. Nc3 d5 4. Bf4 Bg7 5. e3 c5 6. dxc5 Qa5 7. Rc1 dxc4 8. Bxc4 0-0 9. Nf3 Qxc5 10. Bb3 Nc6 11. 0-0 Qa5 12. h3 Bf5 13. Qe2 Ne4 14. Rfd1 Nxc3 15. bxc3 Rad8 16. e4 Rxd1+ 17. Rxd1 Bc8 18. c4 h6 19. Rd5 Qc3 20. Qe3 Qxe3 21. Bxe3 a6 22. Bb6 Be6 23. Rd1 Rc8 24. c5 Bxb3 25. axb3 Nb8 26. Kf1 Kf8 27. b4 Ke8 28. Nd4 Bxd4 29. Rxd4 Nc6 30. Rc4 e5 31. Ke2 Kd7 32. Kd3 Nd4 33. f4 f6 34. Rc1 Ne6 35. fxe5 fxe5 36. Kc4 Rf8 37. Rd1+ Nd4 38. Kd5 Nc6 39. Kc4+ Nd4 40. c6+ Kxc6 41. Bxd4 Rd8 42. Rd3 Rxd4+ 43. Rxd4 exd4 44. Kxd4 b6 45. Ke5 a5 46. b5+ Kc5 0-1

[Event "EU-ch 22nd"]
[Site "Terme Catez"]
[Date "2022.03.28"]
[Round "2"]
[White "Murko, David"]
[Black "Valiyev, Shahin"]
[Result "0-1"]
[WhiteElo "2273"]
[BlackElo "1961"]
[PlyCount "82"]
[EventDate "2022.03.27"]
[EventType "swiss"]
[EventRounds "11"]
[EventCountry "SLO"]
[SourceTitle "CBM 208"]
[Source "ChessBase"]
[SourceDate "2022.06.30"]
[SourceVersion "1"]
[SourceVersionDate "2022.06.30"]
[SourceQuality "1"]

1. e4 c5 2. Nf3 d6 3. d4 cxd4 4. Nxd4 Nf6 5. Nc3 a6 6. Bg5 Nbd7 7. Bc4 Qb6 8. Bb3 e6 9. Qd2 Be7 10. 0-0-0 Nc5 11. f3 Qc7 12. Kb1 b5 13. a3 Rb8 14. g4 Bd7 15. Rhe1 0-0 16. Bxf6 Bxf6 17. g5 Be7 18. Ba2 Qa7 19. b4 Na4 20. Nxa4 bxa4 21. c3 Rfc8 22. h4 a5 23. Ka1 axb4 24. axb4 Qc7 25. Rc1 Bb5 26. Nxb5 Rxb5 27. f4 Qd7 28. Red1 Qb7 29. Re1 Qd7 30. Red1 Rb7 31. Qd3 Rbc7 32. Kb2 a3+ 33. Ka1 g6 34. h5 d5 35. exd5 Bxb4 36. c4 exd5 37. Qxd5 Qxd5 38. Rxd5 gxh5 39. Rh1 Re7 40. Bb1 Re2 41. Bd3 Bc3+ 0-1

[Event "Trieste op 23rd"]
[Site "Trieste"]
[Date "2021.09.03"]
[Round "8"]
[White "Murko, David"]
[Black "Tiviakov, Sergei"]
[Result "0-1"]
[WhiteElo "2218"]
[BlackElo "2604"]
[PlyCount "140"]
[EventDate "2021.08.28"]
[EventType "swiss"]
[EventRounds "9"]
[EventCountry "ITA"]
[SourceTitle "CBM 204 Extra"]
[Source "ChessBase"]
[SourceDate "2021.11.30"]
[SourceVersion "1"]
[SourceVersionDate "2021.11.30"]
[SourceQuality "1"]

1. e4 e6 2. d4 d5 3. Nc3 Nf6 4. Bg5 dxe4 5. Nxe4 Nbd7 6. Nf3 h6 7. Nxf6+ Nxf6 8. Be3 Bd6 9. Bd3 0-0 10. Qe2 b6 11. 0-0-0 Bb7 12. Kb1 Nd5 13. Bc1 Qf6 14. Ne5 Nf4 15. Nd7 Nxe2 16. Nxf6+ gxf6 17. Bxe2 Kg7 18. Rd3 Ba6 19. Re3 Bxe2 20. Rxe2 Rg8 21. c3 h5 22. Be3 f5 23. f3 Kf6 24. h3 Rg6 25. Rc1 f4 26. Bf2 Kf5 27. Bh4 Rag8 28. Rcc2 c5 29. Kc1 f6 30. Be1 R6g7 31. b4 c4 32. a4 Bc7 33. Rcd2 Rd7 34. Bh4 Rd5 35. Kc2 Rd7 36. Be1 Bb8 37. Bh4 Rd5 38. Be1 Rd7 39. Bh4 Rgd8 40. Bf2 Rg7 41. Bh4 Bc7 42. Be1 e5 43. dxe5 Rxd2+ 44. Rxd2 fxe5 45. Re2 Bd8 46. Kc1 Bf6 47. Kc2 a6 48. Kc1 b5 49. a5 e4 50. fxe4+ Ke6 51. Kc2 Rg8 52. Rd2 Be5 53. Bh4 Bb8 54. Bd8 Ke5 55. Bb6 Kxe4 56. Re2+ Kf5 57. Bd4 Bd6 58. Rf2 Be5 59. Bxe5 Kxe5 60. Kd2 Kf5 61. Ke2 Rg3 62. Kd2 h4 63. Re2 Rd3+ 64. Kc2 f3 65. gxf3 Rxf3 66. Re8 Rxh3 67. Kd2 Rd3+ 68. Ke2 Rd6 69. Rh8 Kg5 70. Re8 h3 0-1

[Event "Trieste op 23rd"]
[Site "Trieste"]
[Date "2021.09.02"]
[Round "7"]
[White "David, Alberto"]
[Black "Murko, David"]
[Result "1/2-1/2"]
[WhiteElo "2532"]
[BlackElo "2218"]
[PlyCount "80"]
[EventDate "2021.08.28"]
[EventType "swiss"]
[EventRounds "9"]
[EventCountry "ITA"]
[SourceTitle "CBM 204 Extra"]
[Source "ChessBase"]
[SourceDate "2021.11.30"]
[SourceVersion "1"]
[SourceVersionDate "2021.11.30"]
[SourceQuality "1"]

1. e4 e5 2. Nc3 Nf6 3. d4 exd4 4. Qxd4 Nc6 5. Qd3 Bc5 6. Bf4 0-0 7. f3 d6 8. 0-0-0 Be6 9. Kb1 Nd7 10. h4 b5 11. Nh3 Nde5 12. Qd2 Nc4 13. Qe1 Rb8 14. Nd5 Re8 15. Qg3 Bxd5 16. Rxd5 Qf6 17. Bc1 Be3 18. Qe1 Ne7 19. Rg5 Bxc1 20. Qxc1 h6 21. Rg3 Ng6 22. h5 Nf8 23. Nf2 Kh8 24. Ng4 Qg5 25. Qxg5 hxg5 26. Bxc4 bxc4 27. Ne3 c3 28. b3 Rb5 29. h6 g6 30. Nd5 Rc5 31. Rxg5 f5 32. b4 Rb8 33. Kc1 Rxd5 34. exd5 Rxb4 35. g4 f4 36. h7 Rb2 37. a3 Ra2 38. Kb1 Rb2+ 39. Kc1 Ra2 40. Kb1 Rb2+ 1/2-1/2

[Event "Otocec Krka Terme op"]
[Site "Otocec"]
[Date "2021.07.04"]
[Round "2"]
[White "Murko, David"]
[Black "Hrescak, Ivana"]
[Result "0-1"]
[WhiteElo "2244"]
[BlackElo "2130"]
[PlyCount "76"]
[EventDate "2021.07.03"]
[EventType "swiss"]
[EventRounds "9"]
[EventCountry "SLO"]
[SourceTitle "CBM 203 Extra"]
[Source "ChessBase"]
[SourceDate "2021.09.30"]
[SourceVersion "1"]
[SourceVersionDate "2021.09.30"]
[SourceQuality "1"]

1. e4 c5 2. Nf3 d6 3. d4 cxd4 4. Nxd4 Nf6 5. Nc3 a6 6. Bg5 e6 7. f4 Qb6 8. Qd3 Qxb2 9. Rb1 Qa3 10. f5 Qa5 11. Bd2 Qc7 12. fxe6 fxe6 13. Be2 Be7 14. g4 h6 15. Qh3 0-0 16. g5 hxg5 17. Nxe6 Qc6 18. Qf5 Nxe4 19. Qg6 Bf6 20. Nxe4 Bxe6 21. Rf1 Nd7 22. Nxg5 Rfe8 23. Qh7+ Kf8 24. Nxe6+ Rxe6 25. Kd1 Rc8 26. Bf3 Qc4 27. Rg1 b6 28. Rb3 Qd4 29. Rg4 Qa1+ 30. Bc1 Rce8 31. Kd2 Ne5 32. Qh8+ Ke7 33. Rxg7+ Bxg7 34. Qxg7+ Kd8 35. Bb2 Nxf3+ 36. Rxf3 Qe1+ 37. Kd3 Qe2+ 38. Kd4 Qxf3 0-1

[Event "Budapest Rigochess10 IM"]
[Site "Budapest"]
[Date "2020.10.24"]
[Round "9"]
[White "Murko, David"]
[Black "Fule, Simon"]
[Result "1-0"]
[WhiteElo "2171"]
[BlackElo "2231"]
[PlyCount "149"]
[EventDate "2020.10.16"]
[EventType "tourn"]
[EventRounds "9"]
[EventCountry "HUN"]
[EventCategory "1"]
[SourceTitle "EXT 2022"]
[Source "ChessBase"]
[SourceDate "2021.10.06"]
[SourceVersion "1"]
[SourceVersionDate "2021.10.06"]
[SourceQuality "1"]

1. e4 e5 2. Nf3 Nc6 3. Bc4 Nf6 4. d3 h6 5. 0-0 d6 6. a4 g5 7. a5 a6 8. c3 Bg7 9. Nbd2 0-0 10. h3 Ne7 11. Nh2 c6 12. Re1 d5 13. Bb3 Ng6 14. Ng4 Be6 15. exd5 Nxd5 16. Nf3 Bxg4 17. hxg4 Qd7 18. Ra4 f5 19. gxf5 Qxf5 20. Be3 Kh8 21. Bc5 Rf7 22. Rae4 Re8 23. Qd2 Ngf4 24. Nxe5 Rxe5 25. Rxe5 Bxe5 26. Rxe5 Qxe5 27. Bd4 Qxd4 28. cxd4 Re7 29. Bd1 Ne6 30. Bf3 Nec7 31. Be4 Kg7 32. Qe2 Nf6 33. Qf3 Ne6 34. Qf5 Nxe4 35. Qxe4 Re8 36. d5 cxd5 37. Qxd5 Re7 38. g3 Nf8 39. Kg2 Ng6 40. d4 Nf8 41. b4 Nh7 42. Qd6 Rf7 43. f4 g4 44. d5 Nf6 45. Qe6 Rd7 46. d6 Kg6 47. Qe5 Kf7 48. f5 Kg7 49. Qe6 Rf7 50. Kf1 Rd7 51. Ke2 Rf7 52. Kd3 Rd7 53. Kd4 Rf7 54. Ke5 Nd7+ 55. Kd5 Nf6+ 56. Kd4 Kg8 57. d7 Nxd7 58. Qxh6 Nf6 59. Ke5 Nd7+ 60. Kf4 Rg7 61. f6 Rf7 62. Kf5 Rxf6+ 63. Qxf6 Nxf6 64. Kxf6 Kf8 65. Kf5 Ke7 66. Kxg4 Kd6 67. Kf4 Kd5 68. g4 Kc4 69. g5 Kxb4 70. g6 Kxa5 71. g7 b5 72. g8Q Ka4 73. Qa2+ Kb4 74. Qxa6 Kc4 75. Qa3 1-0

[Event "Budapest Rigochess10 IM"]
[Site "Budapest"]
[Date "2020.10.22"]
[Round "7"]
[White "Murko, David"]
[Black "Terbe, Zsuzsanna"]
[Result "1-0"]
[WhiteElo "2171"]
[BlackElo "2198"]
[PlyCount "69"]
[EventDate "2020.10.16"]
[EventType "tourn"]
[EventRounds "9"]
[EventCountry "HUN"]
[EventCategory "1"]
[SourceTitle "EXT 2022"]
[Source "ChessBase"]
[SourceDate "2021.10.06"]
[SourceVersion "1"]
[SourceVersionDate "2021.10.06"]
[SourceQuality "1"]

1. e4 e5 2. Nf3 Nc6 3. Bc4 Bc5 4. c3 Nf6 5. d3 d6 6. Nbd2 a6 7. Bb3 0-0 8. 0-0 h6 9. h3 Re8 10. Re1 Be6 11. Bc2 d5 12. exd5 Bxd5 13. Nh2 Be6 14. Qf3 Nd7 15. Ne4 Bf8 16. g4 Qh4 17. Qg2 g6 18. Be3 Bg7 19. f4 f5 20. Nf3 Qe7 21. gxf5 Bxf5 22. Nxe5 Ndxe5 23. fxe5 Qh4 24. Bf2 Qxh3 25. Qxh3 Bxh3 26. d4 Ne7 27. Bb3+ Kh8 28. Bg3 Rad8 29. Kh2 Bc8 30. Rad1 Bg4 31. Rd2 Bf5 32. Nc5 Bc8 33. e6 b6 34. Ne4 Nd5 35. c4 1-0

[Event "Budapest Rigochess10 IM"]
[Site "Budapest"]
[Date "2020.10.17"]
[Round "2"]
[White "Issa, Rafat"]
[Black "Murko, David"]
[Result "0-1"]
[WhiteElo "2367"]
[BlackElo "2171"]
[PlyCount "65"]
[EventDate "2020.10.16"]
[EventType "tourn"]
[EventRounds "9"]
[EventCountry "HUN"]
[EventCategory "1"]
[SourceTitle "EXT 2022"]
[Source "ChessBase"]
[SourceDate "2021.10.06"]
[SourceVersion "1"]
[SourceVersionDate "2021.10.06"]
[SourceQuality "1"]

1. Nf3 Nf6 2. g3 d5 3. Bg2 g6 4. b3 Bg7 5. Bb2 0-0 6. c4 c6 7. 0-0 Re8 8. Na3 Nbd7 9. cxd5 cxd5 10. Qc2 a6 11. Rac1 e5 12. Qc7 Qxc7 13. Rxc7 Bf8 14. Rfc1 Bd6 15. R7c2 e4 16. Nd4 Ne5 17. f4 exf3 18. Bxf3 Bd7 19. Nb1 Nxf3+ 20. Nxf3 Ng4 21. Nd4 Be5 22. e3 Rad8 23. Bc3 Rc8 24. Na3 Bd6 25. Nb1 Ne5 26. Ba1 Rcd8 27. Nc3 Be6 28. Kf1 Nd3 29. Rb1 Be5 30. Nxe6 Rxe6 31. a3 d4 32. Nd1 b6 33. Kg2 0-1

[Event "SLO-chT 30th"]
[Site "Gostovanja"]
[Date "2020.10.11"]
[Round "5.3"]
[White "Murko, David"]
[Black "Subelj, Jan"]
[Result "1/2-1/2"]
[WhiteElo "2171"]
[BlackElo "2410"]
[PlyCount "96"]
[EventDate "2020.10.02"]
[EventType "team-tourn"]
[EventRounds "5"]
[EventCountry "SLO"]
[SourceTitle "CBM 198 Extra"]
[Source "ChessBase"]
[SourceDate "2020.11.30"]
[SourceVersion "1"]
[SourceVersionDate "2020.11.30"]
[SourceQuality "1"]
[WhiteTeam "Ptuj"]
[BlackTeam "Maribor Poligram"]
[WhiteTeamCountry "SLO"]
[BlackTeamCountry "SLO"]

1. e4 e5 2. Nf3 Nc6 3. Bc4 Bc5 4. c3 Nf6 5. d3 d6 6. Nbd2 0-0 7. 0-0 a5 8. h3 Be6 9. Bb5 Qb8 10. Re1 Qa7 11. Qe2 h6 12. Nf1 Ne7 13. Be3 Bxe3 14. Nxe3 Ng6 15. Nf5 a4 16. d4 c6 17. Bd3 Bxf5 18. exf5 Nf4 19. Qd2 Nxd3 20. Qxd3 e4 21. Rxe4 Nxe4 22. Qxe4 d5 23. Qg4 f6 24. Ne1 Rae8 25. Nd3 Re4 26. Nf4 a3 27. b3 Rfe8 28. Kh2 c5 29. f3 R4e7 30. Nxd5 Rf7 31. Rd1 Qb8+ 32. f4 Qd6 33. Qf3 Kh8 34. dxc5 Qxc5 35. c4 b5 36. Rc1 Qd4 37. cxb5 Qb2 38. Rc3 Qxa2 39. b4 Rd8 40. Nc7 Qb1 41. Ne6 a2 42. Nxd8 Rf8 43. Nf7+ Kh7 44. Qh5 a1Q 45. Qg6+ Kg8 46. Nxh6+ Kh8 47. Nf7+ Kg8 48. Nh6+ Kh8 1/2-1/2

[Event "SLO-chT 29th"]
[Site "Slovenia"]
[Date "2019.12.22"]
[Round "9.2"]
[White "Murko, David"]
[Black "Rozman, Monika"]
[Result "1/2-1/2"]
[WhiteElo "2160"]
[BlackElo "2122"]
[PlyCount "148"]
[EventDate "2019.09.06"]
[EventType "team-tourn"]
[EventRounds "9"]
[EventCountry "SLO"]
[SourceTitle "CBM 195 Extra"]
[Source "ChessBase"]
[SourceDate "2020.05.31"]
[SourceVersion "1"]
[SourceVersionDate "2020.05.31"]
[SourceQuality "1"]
[WhiteTeam "Ptuj"]
[BlackTeam "Prevodi Dvojka"]
[WhiteTeamCountry "SLO"]
[BlackTeamCountry "SLO"]

1. e4 e5 2. Nf3 Nc6 3. Bc4 Nf6 4. d3 Bc5 5. 0-0 0-0 6. Nbd2 d6 7. c3 a6 8. Bb3 h6 9. h3 Be6 10. Bc2 Re8 11. Re1 d5 12. exd5 Bxd5 13. Nf1 Qd7 14. Ng3 Rad8 15. Be3 Bf8 16. Nd2 Be6 17. Nde4 Nd5 18. Bc5 Nf4 19. Bxf8 Kxf8 20. Re3 b6 21. Nh5 f5 22. Nd2 Nxh5 23. Qxh5 Bf7 24. Qe2 Re7 25. Nf3 Rde8 26. Qd2 Bh5 27. Nh2 Na5 28. Qe1 c5 29. Qf1 Nc6 30. Ree1 Kg8 31. Bd1 Bg6 32. Bf3 Qd6 33. Rad1 Bf7 34. a3 Bb3 35. Rc1 Bf7 36. Rcd1 b5 37. Bxc6 Qxc6 38. Qe2 Bd5 39. Nf3 e4 40. dxe4 Bxe4 41. Rf1 Bd5 42. Qd2 Bxf3 43. gxf3 Re2 44. Qd5+ Qxd5 45. Rxd5 Rxb2 46. Rxc5 Ra2 47. Rxf5 Rxa3 48. Rc5 Re2 49. Rc7 Rc2 50. Rd1 Raxc3 51. Ra7 Rc1 52. Rxc1 Rxc1+ 53. Kg2 Ra1 54. Rb7 Ra4 55. Kg3 g5 56. f4 gxf4+ 57. Kg4 b4 58. Kf5 Ra5+ 59. Kxf4 Rb5 60. Rxb5 axb5 61. Ke4 Kf7 62. Kd3 Kf6 63. Kc2 Kf5 64. Kb3 Kf4 65. Kxb4 Kf3 66. Kxb5 Kxf2 67. h4 Kg3 68. h5 Kg4 69. Kc4 Kxh5 70. Kd3 Kg4 71. Ke2 Kg3 72. Kf1 Kh2 73. Kf2 h5 74. Kf1 h4 1/2-1/2

[Event "SLO-chT 29th"]
[Site "Slovenia"]
[Date "2019.12.20"]
[Round "7.1"]
[White "Murko, David"]
[Black "Mikhalchishin, Adrian"]
[Result "0-1"]
[WhiteElo "2160"]
[BlackElo "2465"]
[PlyCount "72"]
[EventDate "2019.09.06"]
[EventType "team-tourn"]
[EventRounds "9"]
[EventCountry "SLO"]
[SourceTitle "CBM 195 Extra"]
[Source "ChessBase"]
[SourceDate "2020.05.31"]
[SourceVersion "1"]
[SourceVersionDate "2020.05.31"]
[SourceQuality "1"]
[WhiteTeam "Ptuj"]
[BlackTeam "Maribor"]
[WhiteTeamCountry "SLO"]
[BlackTeamCountry "SLO"]

1. e4 e5 2. Nf3 Nc6 3. Bc4 Nf6 4. d3 Be7 5. 0-0 0-0 6. Re1 d6 7. a4 Kh8 8. c3 Ng8 9. d4 Bg4 10. d5 Nb8 11. Bd3 c6 12. c4 a5 13. Nbd2 Na6 14. h3 Bd7 15. Nf1 Nb4 16. Bb1 cxd5 17. cxd5 b5 18. axb5 Bxb5 19. Ne3 g6 20. Ra3 Nf6 21. Bd2 Nd7 22. Bc3 Qb6 23. Qd2 Ba6 24. Ng4 f6 25. Nh4 Rg8 26. Nh6 Rg7 27. g3 Nc5 28. Ng2 Rb8 29. h4 a4 30. h5 Nbd3 31. Bxd3 Bxd3 32. Ba5 Qb5 33. b4 axb3 34. f3 b2 35. Bc7 Rc8 36. Rxd3 b1Q 0-1

[Event "Balaton Summer's End IM"]
[Site "Balatonlelle"]
[Date "2019.09.05"]
[Round "9"]
[White "Murko, David"]
[Black "Frolov, Artur"]
[Result "0-1"]
[WhiteElo "2160"]
[BlackElo "2425"]
[PlyCount "54"]
[EventDate "2019.08.29"]
[EventType "tourn"]
[EventRounds "9"]
[EventCountry "HUN"]
[EventCategory "1"]
[SourceTitle "EXT 2020"]
[Source "ChessBase"]
[SourceDate "2019.10.17"]
[SourceVersion "1"]
[SourceVersionDate "2019.10.17"]
[SourceQuality "1"]

1. e4 e5 2. Nf3 Nc6 3. Bc4 Bc5 4. c3 Nf6 5. d3 d6 6. 0-0 Bb6 7. Re1 Bg4 8. h3 Bh5 9. Nbd2 g5 10. d4 g4 11. hxg4 Bxg4 12. Be2 Rg8 13. Nc4 Qe7 14. a4 exd4 15. a5 Bc5 16. b4 Nxe4 17. bxc5 d5 18. Nxd4 Qh4 19. g3 Be6 20. Bg4 Rxg4 21. Bf4 Nxf2 22. Qf3 Nxd4 23. cxd4 Rxf4 24. gxf4 0-0-0 25. Ne3 Rg8+ 26. Kf1 Ne4 27. Ke2 Qh2+ 0-1

[Event "Balaton Summer's End IM"]
[Site "Balatonlelle"]
[Date "2019.09.01"]
[Round "4"]
[White "Lyell, Mark"]
[Black "Murko, David"]
[Result "0-1"]
[WhiteElo "2198"]
[BlackElo "2160"]
[PlyCount "84"]
[EventDate "2019.08.29"]
[EventType "tourn"]
[EventRounds "9"]
[EventCountry "HUN"]
[EventCategory "1"]
[SourceTitle "EXT 2020"]
[Source "ChessBase"]
[SourceDate "2019.10.17"]
[SourceVersion "1"]
[SourceVersionDate "2019.10.17"]
[SourceQuality "1"]

1. e4 c5 2. Nc3 Nc6 3. Bb5 Nd4 4. Nf3 a6 5. Bd3 Nc6 6. b3 g6 7. Bb2 Bg7 8. 0-0 d6 9. h3 e6 10. Re1 Nge7 11. Qc1 0-0 12. Bf1 f5 13. d3 e5 14. Nh2 Be6 15. Qd2 Qd7 16. Na4 Rae8 17. c4 Nd4 18. Nb6 Qd8 19. Nd5 Nec6 20. Rab1 Rf7 21. Bc3 Ref8 22. f3 Qh4 23. b4 Bh6 24. Qf2 Qxf2+ 25. Kxf2 Bxd5 26. cxd5 Nxb4 27. Bxd4 exd4 28. Rb2 fxe4 29. dxe4 d3 30. a3 Nc2 31. Bxd3 Nxe1 32. Kxe1 b5 33. a4 c4 34. Be2 c3 35. Rc2 Bd2+ 36. Kd1 b4 37. Bc4 b3 38. Rxd2 b2 39. Bd3 cxd2 40. Nf1 Rc7 41. Nxd2 Rc1+ 42. Ke2 Rb8 0-1

[Event "Balaton Summer's End IM"]
[Site "Balatonlelle"]
[Date "2019.09.01"]
[Round "5"]
[White "Murko, David"]
[Black "Lu, Maximillian"]
[Result "1-0"]
[WhiteElo "2160"]
[BlackElo "2370"]
[PlyCount "107"]
[EventDate "2019.08.29"]
[EventType "tourn"]
[EventRounds "9"]
[EventCountry "HUN"]
[EventCategory "1"]
[SourceTitle "EXT 2020"]
[Source "ChessBase"]
[SourceDate "2019.10.17"]
[SourceVersion "1"]
[SourceVersionDate "2019.10.17"]
[SourceQuality "1"]

1. e4 c5 2. Nf3 d6 3. d4 cxd4 4. Nxd4 Nf6 5. Nc3 a6 6. Bg5 Nbd7 7. Bc4 e6 8. Qe2 h6 9. Bh4 g5 10. Bg3 Ne5 11. Bb3 Qc7 12. 0-0-0 Bd7 13. f3 b5 14. a3 Rc8 15. Be1 Nc6 16. Nxc6 Bxc6 17. Nd5 Bxd5 18. exd5 e5 19. g3 Nd7 20. f4 Bg7 21. h4 Nc5 22. Kb1 gxf4 23. gxf4 e4 24. Bf2 Nxb3 25. Qxe4+ Qe7 26. Qf5 0-0 27. Rhg1 Rc4 28. cxb3 Qe4+ 29. Qxe4 Rxe4 30. Bd4 f6 31. Rgf1 h5 32. Bc3 Kf7 33. Bb4 Rd8 34. Rde1 Rde8 35. Rxe4 Rxe4 36. Bxd6 Rd4 37. Rc1 Rxd5 38. Rc6 a5 39. Bc7 Rd1+ 40. Kc2 Rh1 41. Bxa5 Rxh4 42. Rc7+ Kg8 43. Bd2 Rh2 44. a4 Bh6 45. Rd7 Bxf4 46. a5 Rg2 47. a6 Bxd2 48. Rxd2 Rg7 49. Kc3 Ra7 50. Rd6 h4 51. Kb4 h3 52. Kxb5 h2 53. Rd1 Rh7 54. Rh1 1-0

[Event "Pardubice Czech op-A 30th"]
[Site "Pardubice"]
[Date "2019.07.26"]
[Round "8"]
[White "Murko, David"]
[Black "Pulpan, Jakub"]
[Result "0-1"]
[WhiteElo "2192"]
[BlackElo "2414"]
[PlyCount "110"]
[EventDate "2019.07.19"]
[EventType "swiss"]
[EventRounds "9"]
[EventCountry "CZE"]
[SourceTitle "CBM 191"]
[Source "ChessBase"]
[SourceDate "2019.08.31"]
[SourceVersion "1"]
[SourceVersionDate "2019.08.31"]
[SourceQuality "1"]

1. e4 e5 2. Nf3 Nc6 3. Bb5 Nf6 4. 0-0 Nxe4 5. Re1 Nd6 6. Nxe5 Be7 7. Bf1 Nxe5 8. Rxe5 0-0 9. d4 Bf6 10. Re1 b6 11. Bf4 Nf5 12. c3 d5 13. a4 c5 14. Be5 Bxe5 15. Rxe5 Be6 16. Na3 a6 17. Bd3 Ne7 18. dxc5 bxc5 19. Qh5 Ng6 20. Ree1 Rb8 21. Rab1 c4 22. Bc2 d4 23. cxd4 Qxd4 24. Qe2 Nf4 25. Qe4 Qxe4 26. Rxe4 Nd3 27. Nxc4 Nb4 28. Ne3 Nxc2 29. Nxc2 Bf5 30. Re2 Rfc8 31. Rc1 Kf8 32. g4 Bxg4 33. Ree1 Rxb2 34. Ne3 Rxc1 35. Rxc1 Bh3 36. Nd5 Ra2 37. Rb1 g5 38. f4 Rg2+ 39. Kh1 Rd2 40. Nf6 gxf4 41. Nxh7+ Kg7 42. Ng5 Bg2+ 43. Kg1 Kg6 44. h4 Kh5 45. Nxf7 Kxh4 46. Rb6 Bd5 47. Ne5 Rg2+ 48. Kf1 Rg5 49. Nd7 Kg3 50. Nf6 Bg2+ 51. Ke1 Re5+ 52. Kd2 f3 53. Rb3 Kf4 54. Rb4+ Kf5 55. Nh5 Kg5 0-1